这座中国古典园林位于......(写出所在城市) - Statistics

General Stats
  • This quiz has been taken 20 times
    17 since last reset
  • The average score is 30 of 120
Answer Stats
园林 位置 % Correct
避暑山庄 (热河行宫) 承德
100%
杜甫草堂 成都
94%
颐和园 北京
88%
圆明园 北京
88%
拙政园 苏州
88%
北海公园 北京
88%
恭王府 北京
88%
华清池 临潼 (西安)
88%
灵隐寺 杭州
82%
豫园 上海
82%
晋祠 晋源 (太原)
82%
武侯祠 (先主祠) 成都
82%
留园 苏州
76%
个园 扬州
71%
狮子林 苏州
71%
醇亲王府花园 (宋庆龄故居) 北京
71%
寒山寺 苏州
71%
寄畅园 无锡
65%
罗布林卡 拉萨
65%
沧浪亭 苏州
65%
网师园 苏州
65%
天一阁 宁波
65%
西泠印社 杭州
59%
何园 (寄啸山庄) 扬州
53%
兰亭 绍兴
47%
铁山园 (衍圣公府后花园) 曲阜 (济宁)
47%
香山静宜园 北京
47%
退思园 吴江 (苏州)
41%
三苏祠 眉山
41%
贡觉林卡 日喀则
41%
棍贝子府 (积水潭医院) 北京
41%
静园 (溥仪旧居) 天津
35%
西递西园 黟县 (黄山)
35%
瞻园 南京
29%
环秀山庄 苏州
29%
艺圃 苏州
29%
可园 (岭南地区名园) 东莞
24%
耦园 苏州
24%
沈园 (沈氏园) 绍兴
24%
西园 (西园戒幢律寺) 苏州
24%
鲍家花园 (皖南地区园林) 歙县 (黄山)
24%
古漪园 嘉定 (上海)
24%
芝园 (胡雪岩旧居) 杭州
24%
环翠山庄 (严家花园) 吴江 (苏州)
24%
醉白池 松江 (上海)
24%
怡园 苏州
24%
西山大觉寺 北京
18%
芥子园 南京
18%
愚园 (胡家花园) 南京
18%
鹅岭公园 (礼园) 重庆
18%
莫氏庄园 (江南地区园林) 平湖 (嘉兴)
18%
秋霞圃 嘉定 (上海)
18%
清晖园 顺德 (佛山)
12%
梁园 (岭南地区名园) 佛山
12%
适园 (陈家花园) 江阴 (无锡)
12%
方塔园 常熟 (苏州)
12%
黄龙洞 杭州
12%
熙春园 (福建地区园林) 邵武 (南平)
12%
尤家花园 (皖北地区园林) 颍上 (阜阳)
12%
宝墨园 广州
12%
柴园 苏州
12%
小莲庄 (刘园) 南浔 (湖州)
12%
古莲花池 保定
6%
日涉园 (乔园) 泰州
6%
十笏园 (丁家花园) 潍坊
6%
水绘园 如皋 (南通)
6%
桂湖 (升庵祠) 新都 (成都)
6%
绛守居园池 新绛 (运城)
6%
绮园 (冯家花园) 海盐 (嘉兴)
6%
罨画池 崇州 (成都)
6%
余荫山房 广州
6%
锄经园 (师俭堂) 吴江 (苏州)
6%
汾阳别墅 (郭庄) 杭州
6%
勺园 (江南地区名园) 嘉兴
6%
天香小筑 苏州
6%
新繁东湖 新都 (成都)
6%
雁山园 (雁山别墅) 桂林
6%
逸圃 扬州
6%
耕乐堂 吴江 (苏州)
6%
莲花庄 湖州
6%
琼花观 扬州
6%
文君井 邛崃 (成都)
6%
赵园 (水壶园) & 曾园 (虚廓园) 常熟 (苏州)
6%
偶园 (冯家花园) 青州 (潍坊)
6%
清晏园 淮安
6%
万寿寺 (华北地区寺庙) 北京
6%
五峰园 (杨家园) 苏州
6%
小盘谷 扬州
6%
谢鲁山庄 陆川 (玉林)
6%
燕园 (燕谷园) 常熟 (苏州)
6%
粤晖园 东莞
6%
北半园 苏州
6%
碧江金楼 顺德 (佛山)
6%
揽秀园 嘉兴
6%
曲园 (俞樾故居) 苏州
6%
五公祠 海口
6%
习家池 (习郁故居) 襄阳
6%
兴福禅寺 常熟 (苏州)
6%
圆通禅寺 昆明
6%
柳湖公园 (柳湖书院) 平凉
6%
曲水园 青浦 (上海)
6%
遂园 苏州
6%
薛家花园 (薛福成故居) 无锡
6%
近园 常州
0%
万竹园 (张家花园) 济南
0%
约园 常州
0%
常家庄园 (静园) 榆次 (晋中)
0%
南公园 福州
0%
庾园 & 鲁园 昆明
0%
花洲书院 邓州 (南阳)
0%
荩园 (戴庄医院) 济宁
0%
未园 常州
0%
意园 常州
0%
瀛园 宜兴 (无锡)
0%
朱家花园 (云南地区园林) 建水 (红河)
0%
房湖公园 广汉 (德阳)
0%
卢廉若公园 (娱园) 澳门
0%
明秀园 武鸣 (南宁)
0%
檀干园 (小西湖) 黄山
0%
夕佳山庄园 江安 (宜宾)
0%
No matching quizzes found
Score Distribution
Percent of People with Each Score
Percentile by Number Answered
Your Score History
You have not taken this quiz since the last reset